LDR 00999naa#a2200181#i#450# 001 EN\INFRA-M\bibl\94560 005 20260417071104.5 011 ## _a2500-0489 100 ## _a20250224b2025####ek#y0engy0150####ca 102 ## _aRU 200 1# _aPathogenetic basis of topical corticosteroids and calcineurin inhibitors action, side effects and morphologic changes in the dermis. _eJournal article 210 1# _aMoscow _cINFRA-M Academic Publishing LLC. _d2025 215 ## _a5 с. 608 ## _aJournal article _2local 675 ## _aФизиология. Сравнительная физиология. 612 _aПатологическая физиология. Патогенез. Учение о механизме развития болезни. 616-092 _aДерматология. Кожные болезни. 616.5 _aОбщие вопросы математических и естественных наук. 50 _z 700 #1 _aSharapatyuk _gValentina Dmitrievna 700 #1 _aChagina _gEvgenia Aleksandrovna 856 4# _anaukaru.ru _u